Statistics for Oscar for Best Original Score

Click here to take the quiz!

General Stats

  • This quiz has been taken 317 times
    (54 since last reset)
  • The average score is 34 of 125

Answer Stats

YearBest Original Score% Correct
2021Dune
83%
2023Oppenheimer
83%
1977Star Wars
78%
2016La La Land
72%
1997Titanic
72%
2019Joker
67%
1990Dances with Wolves
61%
1975Jaws
61%
2008Slumdog Millionaire
61%
2020Soul
61%
1994The Lion King
61%
2001The Lord of the Rings: The Fellowship of the Ring
61%
2003The Lord of the Rings: The Return of the King
61%
2017The Shape of Water
61%
1965The Sound of Music
61%
2022All Quiet on the Western Front
56%
2018Black Panther
56%
2013Gravity
56%
1993Schindler's List
56%
1998Shakespeare in Love
56%
2009Up
56%
1991Beauty and the Beast
50%
1959Ben-Hur
50%
1982E.T. the Extra-Terrestrial
50%
2011The Artist
50%
2014The Grand Budapest Hotel
50%
2010The Social Network
50%
2005Brokeback Mountain
44%
1985Out of Africa
44%
2015The Hateful Eight
44%
1987The Last Emperor
44%
1989The Little Mermaid
44%
1939The Wizard of Oz
44%
1992Aladdin
39%
1981Chariots of Fire
39%
1996The English Patient
39%
1961West Side Story
39%
2006Babel
33%
1962Lawrence of Arabia
33%
2012Life of Pi
33%
1964Mary Poppins
33%
1964My Fair Lady
33%
1968Oliver!
33%
2007Atonement
28%
2000Crouching Tiger, Hidden Dragon
28%
1958Gigi
28%
1998Life is Beautiful
28%
1995Pocahontas
28%
1957The Bridge on the River Kwai
28%
1951An American in Paris
22%
1966Born Free
22%
1969Butch Cassidy and the Sundance Kid
22%
1965Doctor Zhivago
22%
1941Dumbo
22%
1952High Noon
22%
1955Oklahoma!
22%
1940Pinocchio
22%
1950Sunset Boulevard
22%
1938The Adventures of Robin Hood
22%
1974The Godfather Part II
22%
1956The King and I
22%
1999The Red Violin
22%
1938Alexander's Ragtime Band
17%
1945Anchors Aweigh
17%
1956Around the World in 80 Days
17%
1961Breakfast at Tiffany's
17%
2002Frida
17%
1953Lili
17%
1970Love Story
17%
1954Seven Brides for Seven Brothers
17%
1944Since You Went Away
17%
1939Stagecoach
17%
1941The Devil and Daniel Webster
17%
1997The Full Monty
17%
1954The High and the Mighty
17%
1988The Milagro Beanfield War
17%
1976The Omen
17%
1995The Postman (Il Postino)
17%
1979A Little Romance
11%
1950Annie Get Your Gun
11%
1936Anthony Adverse
11%
1984A Passage to India
11%
1951A Place in the Sun
11%
1944Cover Girl
11%
1948Easter Parade
11%
1960Exodus
11%
1980Fame
11%
2004Finding Neverland
11%
1969Hello Dolly!
11%
1972Limelight
11%
1955Love is a Many-Splendored Thing
11%
1978Midnight Express
11%
1947Mother Wore Tights
11%
1942Now, Voyager
11%
1937One Hundred Men and a Girl
11%
1934One Night of Love
11%
1949On the Town
11%
1986Round Midnight
11%
1945Spellbound
11%
1949The Heiress
11%
1935The Informer
11%
1946The Jolson Story
11%
1968The Lion in Winter
11%
1962The Music Man
11%
1958The Old Man and the Sea
11%
1948The Red Shoes
11%
1983The Right Stuff
11%
1973The Way We Were
11%
1967Thoroughly Modern Millie
11%
1940Tin Pan Alley
11%
1963Tom Jones
11%
1942Yankee Doodle Dandy
11%
1947A Double Life
6%
1966A Funny Thing Happened on the Way to the Forum
6%
1953Call Me Madam
6%
1967Camelot
6%
1996Emma
6%
1963Irma la Douce
6%
1959Porgy and Bess
6%
1960Song Without End
6%
1971Summer of '42
6%
1946The Best Years of Our Lives
6%
1943The Song of Bernadette
6%
1943This is the Army
6%
1952With a Song in my Heart
6%

Score Distribution

Percentile by Number Answered

Percent of People with Each Score

Your Score History

You have not taken this quiz since the last reset